000 00360nam a2200145 i 4500
001 bg
100 1 _aJankowski, MichaƂ
_d(1947- ).
245 0 _aElementy grafiki komputerowej /
_cM. Jankowski.
260 _aWarszawa,
_c1990.
650 9 _aGrafika komputerowa
040 _cBPK
041 _apol
942 _cKS
008 s pl f |000 0 pol
999 _c29282
_d29282
856 _uhttp://koha.tu.koszalin.pl/cgi-bin/koha/opac-detail.pl?biblionumber=29282
_yKatalog online BPK